Report of the committee on the rights of persons with disabilities : Seventeenth session (20 March - April 2017) Eighteenth session ( 14-31 August 2017) Nineteenth session (14 February - 9 March 2018) twentieth session (27 August -21 September 2018) General assembly official records seventuy-fourth session. Supplemnt No.55 (Record no. 56132)
[ view plain ]
| 000 -LEADER | |
|---|---|
| fixed length control field | 00978nam a2200145 a 4500 |
| 008 - FIXED-LENGTH DATA ELEMENTS--GENERAL INFORMATION | |
| fixed length control field | 201113s2019 ||||||||||||||||| || u |
| 050 ## - LIBRARY OF CONGRESS CALL NUMBER | |
| Classification number | UNO(058)GAOR/74/55 |
| 110 ## - MAIN ENTRY--CORPORATE NAME | |
| Corporate name or jurisdiction name as entry element | United Nations Organisation (UNO) |
| 245 10 - TITLE STATEMENT | |
| Title | Report of the committee on the rights of persons with disabilities : Seventeenth session (20 March - April 2017) Eighteenth session ( 14-31 August 2017) Nineteenth session (14 February - 9 March 2018) twentieth session (27 August -21 September 2018) General assembly official records seventuy-fourth session. Supplemnt No.55 |
| Statement of responsibility, etc. | By United Nations Organisation(UNO) |
| 260 ## - PUBLICATION, DISTRIBUTION, ETC. | |
| Place of publication, distribution, etc. | New York |
| Date of publication, distribution, etc. | 2019 |
| 300 ## - PHYSICAL DESCRIPTION | |
| Extent | iii, 20 pages |
| 650 ## - SUBJECT ADDED ENTRY--TOPICAL TERM | |
| Topical term or geographic name entry element | UNITED NATIONS. GENERAL ASSEMBLY. COMMITTEE ON THE RIGHTS OF PERSONS WITH DISABILITIES--PERIODICALS |
| 650 ## - SUBJECT ADDED ENTRY--TOPICAL TERM | |
| Topical term or geographic name entry element | PEOPLE WITH DISABILITIES--LEGAL STATUS, LAWS, ETC.--CONGRESSES |
| 995 ## - RECOMMENDATION 995 [LOCAL, UNIMARC FRANCE] | |
| -- | CBU-MAIN LIBRARY (Kitwe) |
| -- | 1 |
| -- | AVAILABLE |
| -- | Nov 13, 2020 |
| -- | International Publications |
| Withdrawn status | Lost status | Source of classification or shelving scheme | Damaged status | Not for loan | Home library | Current library | Shelving location | Date acquired | Total Checkouts | Full call number | Barcode | Date last seen | Price effective from | Koha item type |
|---|---|---|---|---|---|---|---|---|---|---|---|---|---|---|
| CBU-MAIN LIBRARY, KITWE. | CBU-MAIN LIBRARY, KITWE. | 11/30/2022 | UNO(058)GAOR/74/55 | B4300 | 11/30/2022 | 11/30/2022 | MONOGRAPH |